00333nam a2200133Ia 4500008004100000082001600041100001900057245003900076250000800115260002800123300001200151500002400163650001200187230524s9999 xx 000 0 und d a537.32bDUT aAloke K. Dutta 0aSemiconductor Devices and Circuits aIST aNEW DELHIbOxfordc2009 aXII;834 aQuantity Number: 5 aPhysics